Vývoj reprodukcie základných prostriedkov v SSR 2 1950-1980

Salvato in:
Dettagli Bibliografici
Natura: Libro
Lingua:slovacco
Pubblicazione: Bratislava Slovenská technická knižnica 1984
Tags: Aggiungi Tag
Nessun Tag, puoi essere il primo ad aggiungerne!!

MARC

LEADER 00000nam a2200000 4500
001 c111249
005 20041019155149.1
041 0 |a slo 
044 |a SK 
245 1 0 |a Vývoj reprodukcie základných prostriedkov v SSR 2  |b 1950-1980 
264 1 |a Bratislava  |b Slovenská technická knižnica  |c 1984 
300 |a 157 s.